La Ligue de l'enseignement : (Record no. 19001)

MARC details
000 -LEADER
fixed length control field 00723cam a22002294a 4500
001 - CONTROL NUMBER
control field e 10001082
003 - CONTROL NUMBER IDENTIFIER
control field DLC
005 - DATE AND TIME OF LATEST TRANSACTION
control field 20260227111153.0
008 - FIXED-LENGTH DATA ELEMENTS--GENERAL INFORMATION
fixed length control field 990601s1880 fr b 000 0 fre
010 ## - LIBRARY OF CONGRESS CONTROL NUMBER
LC control number e 10001082
040 ## - CATALOGING SOURCE
Original cataloging agency DLC
Transcribing agency DLC
042 ## - AUTHENTICATION CODE
Authentication code pcc
043 ## - GEOGRAPHIC AREA CODE
Geographic area code e-fr---
050 00 - LIBRARY OF CONGRESS CALL NUMBER
Classification number L28
Item number .M78 1880
100 1# - MAIN ENTRY--PERSONAL NAME
Personal name Moussac, Jean de.
245 13 - TITLE STATEMENT
Title La Ligue de l'enseignement :
Remainder of title histoire, doctrines, oeuvres, résultats et projets /
Statement of responsibility, etc. par Jean de Moussac.
260 ## - PUBLICATION, DISTRIBUTION, ETC.
Place of publication, distribution, etc. Paris :
Name of publisher, distributor, etc. Libr. de la Société bibliographique,
Date of publication, distribution, etc. 1880.
300 ## - PHYSICAL DESCRIPTION
Extent 284 p. ;
Dimensions 19 cm.
504 ## - BIBLIOGRAPHY, ETC. NOTE
Bibliography, etc. note Includes bibliographical references.
650 #0 - SUBJECT ADDED ENTRY--TOPICAL TERM
Topical term or geographic name entry element Education
Geographic subdivision France
General subdivision Societies, etc.
610 20 - SUBJECT ADDED ENTRY--CORPORATE NAME
Corporate name or jurisdiction name as entry element Ligue française de l'enseignement.

No items available.

Powered by Koha